[Event "Veterans 2018"]
[Site "Aubagne"]
[Date "2018.05.31"]
[Round "6.16"]
[White "Boudet, Nicole"]
[Black "Marku, Demeter"]
[Result "0-1"]
[WhiteElo "1071"]
[BlackElo "1507"]
[PlyCount "102"]

1. e4 e5 2. Nf3 Nc6 3. Nc3 Nf6 4. Bc4 Bc5 5. O-O O-O 6. Nd5 d6 7. c3 Nxe4 8. d4
exd4 9. cxd4 Bb6 10. Re1 Bf5 11. Bf4 Re8 12. Ne3 Bg6 13. a3 Ne7 14. Ng5 d5 15.
Ba2 c6 16. Nf3 Qd7 17. Ne5 Qe6 18. Rc1 Rad8 19. b4 h6 20. a4 Bh7 21. h3 Ng6 22.
Nxg6 Qxg6 23. a5 Qf6 24. Ng4 Qxf4 25. axb6 h5 26. g3 Qf5 27. Rxe4 Rxe4 28. Ne3
Qxh3 29. bxa7 Rxe3 30. fxe3 Be4 31. Kf2 Qg2+ 32. Ke1 Qxg3+ 33. Kd2 Qf2+ 34. Qe2
Qxe2+ 35. Kxe2 Ra8 36. Kf2 Rxa7 37. Ra1 Bd3 38. Kg3 Bc4 39. Kh4 Bxa2 40. Kxh5
Ra4 41. Kg5 b5 42. Kf5 Bc4 43. Rg1 Rxb4 44. Ke5 Rb3 45. Rg3 Rd3 46. Rf3 b4 47.
Kd6 Bb5 48. Ke7 b3 49. Rxf7 b2 50. Rf8+ Kh7 51. Rf1 Rxe3+ 0-1

[Event "Veterans 2018"]
[Site "Aubagne"]
[Date "2018.05.31"]
[Round "6.17"]
[White "Pietrac, Christian"]
[Black "Olive, Alain"]
[Result "1-0"]
[WhiteElo "1242"]
[BlackElo "1182"]
[PlyCount "63"]

1. Nf3 b6 2. g3 Bb7 3. Bg2 c6 4. d3 d5 5. O-O Nf6 6. Nbd2 h6 7. Re1 g5 8. e4
Bg7 9. e5 Ng4 10. e6 f5 11. h3 Nf6 12. Nb3 h5 13. Nxg5 Qc8 14. Nd4 Rf8 15. Nxf5
Nfd7 16. Nxg7+ Kd8 17. Nf7+ Rxf7 18. exf7 Nf8 19. Qxh5 Nbd7 20. Bg5 Kc7 21.
Rxe7 Kd6 22. d4 c5 23. Qh6+ Kc7 24. Re8 Qxe8 25. fxe8=Q Rxe8 26. Bf4+ Kc8 27.
c3 Re2 28. Rb1 cxd4 29. cxd4 b5 30. Nf5 Kd8 31. Qh4+ Ke8 32. Nd6# 1-0

[Event "Veterans 2018"]
[Site "Aubagne"]
[Date "2018.05.31"]
[Round "6.18"]
[White "Lognos, Lina"]
[Black "Ulloa, Philippe"]
[Result "0-1"]
[WhiteElo "1004"]
[BlackElo "1329"]
[PlyCount "82"]

1. Nf3 d5 2. d4 c5 3. dxc5 Nc6 4. c3 h6 5. Nd4 e5 6. Nxc6 bxc6 7. Qa4 Bd7 8.
Be3 Nf6 9. h3 Ne4 10. Nd2 Nxc5 11. Bxc5 Bxc5 12. e3 O-O 13. Nb3 Bb6 14. Nd2 a6
15. Qb3 Be6 16. Be2 d4 17. c4 dxe3 18. fxe3 Qh4+ 19. Kd1 Ba5 20. Nf3 Qd8+ 21.
Bd3 e4 22. Nd4 exd3 23. Qxd3 c5 24. b4 Bxb4 25. a3 Ba5 26. Kc2 cxd4 27. Qxd4
Bf5+ 28. Kb3 Rb8+ 29. Ka2 Qc7 30. Rab1 Be6 31. Rhc1 Rxb1 32. Kxb1 Rb8+ 33. Ka1
Bb6 34. c5 Ba5 35. c6 Rd8 36. Qc5 Rd5 37. Qc4 Qe5+ 38. Ka2 Rc5 39. c7 Qxc7 40.
Kb3 Qb8+ 41. Ka2 Bxc4+ 0-1

[Event "Veterans 2018"]
[Site "Aubagne"]
[Date "2018.05.31"]
[Round "6.19"]
[White "Betry, Bernard"]
[Black "Periale, Albert"]
[Result "1-0"]
[WhiteElo "1220"]
[BlackElo "1297"]
[PlyCount "105"]

1. Nf3 d5 2. d4 c6 3. g3 Nf6 4. Bg2 Bg4 5. O-O Nbd7 6. Nbd2 h6 7. e3 e6 8. h3
Bh5 9. g4 Bg6 10. b3 Be7 11. c4 b6 12. Re1 O-O 13. Bb2 Rc8 14. a3 Re8 15. b4 a6
16. c5 bxc5 17. bxc5 Nh7 18. Nb3 Rb8 19. Bc3 Ng5 20. Nxg5 Bxg5 21. Na5 Qc7 22.
Qa4 Rec8 23. Bf1 Ra8 24. Ra2 h5 25. Qb4 Rcb8 26. Qa4 Rc8 27. Rb2 Rab8 28. Rxb8
Nxb8 29. Re2 Bd3 30. Rb2 Bxf1 31. Rb7 Qd8 32. Kxf1 hxg4 33. hxg4 Qf6 34. Qb3
Bxe3 35. Be1 Bf4 36. Qf3 g5 37. Qc3 e5 38. Nb3 e4 39. Bd2 Re8 40. Nc1 e3 41.
Be1 exf2 42. Bxf2 Be3 43. Rb2 Bxd4 44. Qxd4 Nd7 45. Qxf6 Nxf6 46. Rb4 Ne4 47.
Be3 f6 48. Ne2 Ng3+ 49. Kf2 Nxe2 50. Kxe2 Re4 51. Rb8+ Kg7 52. Kf3 Kf7 53. Rb6
1-0

[Event "Veterans 2018"]
[Site "Aubagne"]
[Date "2018.05.31"]
[Round "6.2"]
[White "Blanc, Michel"]
[Black "Cescon, Moreno"]
[Result "1/2-1/2"]
[WhiteElo "1615"]
[BlackElo "1782"]
[PlyCount "110"]

1. d4 c5 2. c3 cxd4 3. cxd4 d5 4. Nf3 Nf6 5. Nc3 Nc6 6. Bg5 Ne4 7. Bf4 Qa5 8.
Qa4 e6 9. Qxa5 Nxa5 10. Nxe4 dxe4 11. Nd2 Bb4 12. a3 Bxd2+ 13. Bxd2 Nb3 14. Rb1
Nxd4 15. Bc3 e5 16. e3 Nc6 17. Bb5 f6 18. O-O O-O 19. Rbc1 Be6 20. Bxc6 bxc6
21. Bb4 Rfc8 22. Rfd1 a5 23. Bc5 Rab8 24. b4 axb4 25. axb4 Bd5 26. Ra1 Ra8 27.
Kf1 Rd8 28. Ke1 Kf7 29. Bb6 Rdb8 30. Bc5 g5 31. Kd2 h5 32. g3 Kg6 33. Kc3 f5
34. Kb2 f4 35. h4 gxh4 36. gxh4 Kf5 37. Rg1 Rxa1 38. Kxa1 Ra8+ 39. Kb1 f3 40.
Rg5+ Kf6 41. Bd6 Ra3 42. Bxe5+ Ke6 43. Bg3 Rb3+ 44. Kc2 Rxb4 45. Rxh5 Rb7 46.
Kc3 Rg7 47. Rg5 Rb7 48. Rg6+ Kf7 49. Rg5 Rb3+ 50. Kd4 Rd3+ 51. Kc5 Rc3+ 52. Kd4
Rc4+ 53. Ke5 Be6 54. Kd6 Rc1 55. Re5 Bd5 1/2-1/2

[Event "Veterans 2018"]
[Site "Aubagne"]
[Date "2018.06.07"]
[Round "7.1"]
[White "Pierrugues, Laurent"]
[Black "Moncamp, Gilles"]
[Result "0-1"]
[WhiteElo "1768"]
[BlackElo "2107"]
[PlyCount "22"]
[EventDate "2018.??.??"]

1. Nf3 d6 2. d4 Nd7 3. g3 e5 4. e4 Ngf6 5. Qe2 Be7 6. Bg2 h5 7. Bg5 c6 8. c4
Qb6 9. d5 Nc5 10. Nc3 Qxb2 11. Bd2 Qxa1+ 0-1

[Event "Veterans 2018"]
[Site "Aubagne"]
[Date "2018.06.07"]
[Round "7.2"]
[White "Kleitz, Michel"]
[Black "Cescon, Moreno"]
[Result "1-0"]
[WhiteElo "1719"]
[BlackElo "1782"]
[PlyCount "101"]
[EventDate "2018.??.??"]

1. d4 c6 2. c4 d5 3. Nf3 Bg4 4. Ne5 Bh5 5. Nc3 Nd7 6. cxd5 Nxe5 7. dxe5 cxd5 8.
Qxd5 e6 9. Qb5+ Qd7 10. Qxd7+ Kxd7 11. a3 Ne7 12. e3 Nc6 13. f4 Rd8 14. b4 Be7
15. Be2 Bg6 16. O-O f6 17. exf6 Bxf6 18. Bb2 Ke7 19. Rfd1 Bc2 20. Rxd8 Rxd8 21.
Kf1 a6 22. Rc1 Bb3 23. Ba1 g5 24. g3 gxf4 25. gxf4 Bh4 26. Ne4 Bd5 27. Ng3 Rf8
28. Kg1 Rg8 29. Kf2 Rf8 30. Bf3 Bxf3 31. Kxf3 e5 32. Ke4 exf4 33. Nf5+ Rxf5 34.
Kxf5 fxe3 35. Ke4 Ke6 36. Bc3 Ne7 37. Be1 Bg5 38. Rc5 h6 39. h4 Bf6 40. Kxe3
Nf5+ 41. Kd3 Bxh4 42. Bxh4 Nxh4 43. Rc7 Nf5 44. Rxb7 h5 45. Rb6+ Ke5 46. Rxa6
h4 47. Ke2 Kf4 48. Kf2 h3 49. Rf6 Kg4 50. Rxf5 Kxf5 51. Kg3 1-0

[Event "Veterans 2018"]
[Site "Aubagne"]
[Date "2018.06.07"]
[Round "7.3"]
[White "Colandrea, Sauveur"]
[Black "Blanc, Michel"]
[Result "1-0"]
[WhiteElo "1737"]
[BlackElo "1615"]
[PlyCount "71"]
[EventDate "2018.??.??"]

1. c4 c6 2. d4 d5 3. Nf3 Nf6 4. Nc3 a6 5. e3 b5 6. b3 Bg4 7. Bd3 e6 8. Qc2 Nbd7
9. c5 Qc7 10. h3 Bh5 11. g4 Bg6 12. Bd2 e5 13. dxe5 Nxe5 14. Nxe5 Qxe5 15. f4
Bxd3 16. Qxd3 Qc7 17. b4 O-O-O 18. Ke2 Re8 19. Rhf1 Qd7 20. Qd4 Ne4 21. Nxe4
Rxe4 22. Qd3 f5 23. Kf3 g6 24. Bc3 Bg7 25. Rad1 Rhe8 26. Rfe1 Bxc3 27. Qxc3 d4
28. Rxd4 Rxd4 29. exd4 Rxe1 30. Qxe1 fxg4+ 31. hxg4 Qd5+ 32. Qe4 Kc7 33. Qxd5
cxd5 34. g5 Kd7 35. Kg4 Ke6 36. a3 1-0

[Event "Veterans 2018"]
[Site "Aubagne"]
[Date "2018.06.07"]
[Round "7.4"]
[White "Battaglia, Gerard"]
[Black "Reynaud, Jacques"]
[Result "1-0"]
[WhiteElo "1749"]
[BlackElo "1391"]
[PlyCount "74"]
[EventDate "2018.??.??"]

1. d4 d5 2. c4 c6 3. Nc3 Nf6 4. Nf3 Bf5 5. e3 e6 6. a3 a6 7. Bd2 Nbd7 8. Rc1
Be7 9. Be2 O-O 10. Nh4 Bg6 11. Nxg6 hxg6 12. cxd5 exd5 13. Bf3 Re8 14. O-O Bd6
15. g3 Nb6 16. Qc2 Nc4 17. Be1 Qb6 18. Na4 Qa7 19. Ra1 Re7 20. Nc5 Rae8 21. b3
Nb6 22. Bc3 Nbd7 23. b4 b6 24. Nxd7 Qxd7 25. Be2 Qh3 26. Be1 Re4 27. Bxa6 b5
28. f3 Rxe3 29. Qxc6 Re2 30. Bf2 R2e6 31. Bc8 Bxg3 32. Bxg3 Qxf1+ 33. Rxf1 Rxc6
34. Bh3 Rc3 35. Ra1 Ra8 36. Bg2 Rc4 37. Be5 Rxb4 1-0

[Event "Veterans 2018"]
[Site "Aubagne"]
[Date "2018.06.07"]
[Round "7.5"]
[White "Thiers, Jean-Jacques"]
[Black "Graells, Christian"]
[Result "0-1"]
[WhiteElo "1606"]
[BlackElo "1520"]
[PlyCount "82"]
[EventDate "2018.??.??"]

1. d4 Nf6 2. c4 c5 3. Nf3 e6 4. Bf4 Be7 5. Nc3 O-O 6. e3 b6 7. Be2 Bb7 8. O-O
a6 9. Qb3 Nc6 10. Na4 Nb4 11. a3 b5 12. cxb5 axb5 13. Nxc5 Bxc5 14. dxc5 Nbd5
15. Bd6 Re8 16. Bxb5 Ne4 17. Ne5 Nd2 18. Qc2 Nxf1 19. Rxf1 Qg5 20. Nf3 Qd8 21.
Rc1 Nc7 22. Be2 Nd5 23. Qd1 Nf6 24. Rc2 Bc6 25. Rd2 Ne4 26. Rd4 f6 27. Rb4 Qa5
28. Qd3 Nxc5 29. Qb1 g6 30. Nd4 Bb7 31. Bxc5 Qxc5 32. Rxb7 Reb8 33. Rxd7 Rxa3
34. Nxe6 Qe5 35. Rd8+ Rxd8 36. Nxd8 Ra8 37. Bc4+ Kg7 38. Nc6 Qc5 39. Qe4 Ra1+
40. Bf1 Qc1 41. Qc4 Qxc4 0-1

[Event "Veterans 2018"]
[Site "Aubagne"]
[Date "2018.06.07"]
[Round "7.6"]
[White "Deregnaucourt, Yves"]
[Black "Desjardins, Rene"]
[Result "1-0"]
[WhiteElo "1664"]
[BlackElo "1363"]
[PlyCount "103"]
[EventDate "2018.??.??"]

1. e4 d6 2. d4 Nf6 3. Nc3 Nc6 4. Bc4 a6 5. f3 b5 6. Bb3 Na5 7. Be3 Nc4 8. Bxc4
bxc4 9. Nge2 e6 10. O-O Be7 11. Ng3 Bb7 12. Qe2 d5 13. e5 Nd7 14. f4 c5 15. f5
cxd4 16. Bxd4 Bc5 17. Bxc5 Nxc5 18. Qf2 d4 19. fxe6 O-O 20. exf7+ Kh8 21. Rad1
Ne6 22. Nce4 Bxe4 23. Nxe4 Ra7 24. Nd6 Qd7 25. Nxc4 Rxf7 26. Qxf7 Qxf7 27. Rxf7
Rxf7 28. Nd2 h6 29. Nf3 Rd7 30. c3 d3 31. Ne1 Nf4 32. g3 Ng6 33. Rxd3 Re7 34.
Nf3 Nxe5 35. Nxe5 Rxe5 36. Kf2 Rb5 37. b3 Rc5 38. c4 a5 39. Rd5 Rxd5 40. cxd5
Kg8 41. Ke3 Kf7 42. Ke4 Ke7 43. Ke5 Kd7 44. a3 g5 45. b4 axb4 46. axb4 h5 47.
b5 h4 48. gxh4 gxh4 49. h3 Kc7 50. Ke6 Kc8 51. Ke7 Kc7 52. d6+ 1-0

[Event "Veterans 2018"]
[Site "Aubagne"]
[Date "2018.06.07"]
[Round "7.7"]
[White "Lassalle, Marc"]
[Black "Cotton, Paul"]
[Result "1-0"]
[WhiteElo "1405"]
[BlackElo "1386"]
[PlyCount "133"]
[EventDate "2018.??.??"]

1. d4 Nf6 2. Bf4 g6 3. e3 Bg7 4. Nc3 d6 5. Be2 Nh5 6. Bg3 Nxg3 7. hxg3 Nd7 8.
Qd2 c5 9. d5 a6 10. Nf3 b5 11. Rb1 Nf6 12. Bd3 b4 13. Ne4 Nxd5 14. Bc4 Nf6 15.
Nxf6+ Bxf6 16. Qd5 Be6 17. Qc6+ Bd7 18. Qe4 Bf5 19. Qc6+ Bd7 20. Qe4 O-O 21.
Nh4 e6 22. Bd3 d5 23. Qf3 c4 24. Be2 Bg7 25. Kd2 Qa5 26. Kc1 Qxa2 27. e4 Bc6
28. Qe3 Rad8 29. Qc5 Qa4 30. Nf3 dxe4 31. Nd2 c3 32. Nc4 cxb2+ 33. Nxb2 Bxb2+
34. Rxb2 Rd5 35. Qxb4 Qxb4 36. Rxb4 Ra5 37. Kb2 Bd5 38. c4 Bc6 39. Rc1 Rd8 40.
Bd1 Rd2+ 41. Kc3 Rxf2 42. Rb2 Rxb2 43. Kxb2 Rg5 44. Rc3 f5 45. Kb3 e5 46. Kb4
f4 47. gxf4 exf4 48. c5 Rxg2 49. Ka5 Ra2+ 50. Kb6 Bd5 51. c6 Be6 52. c7 Rb2+
53. Bb3 Rxb3+ 54. Rxb3 f3 55. Re3 f2 56. Rxe4 f1=Q 57. Rxe6 Qb5+ 58. Ka7 Qc5+
59. Kb7 Qd5+ 60. Rc6 Qb5+ 61. Rb6 Qd5+ 62. Rc6 Qb3+ 63. Ka7 Qe3+ 64. Rb6 Qc5
65. Kb7 Qd5+ 66. Kb8 Kg7 67. c8=Q 1-0

[Event "Veterans 2018"]
[Site "Aubagne"]
[Date "2018.06.07"]
[Round "7.8"]
[White "Cavanihac, Claude"]
[Black "Rocchia, Alex"]
[Result "1/2-1/2"]
[WhiteElo "1495"]
[BlackElo "1275"]
[PlyCount "32"]
[EventDate "2018.??.??"]

1. e4 e5 2. Nf3 Nc6 3. Bc4 Nd4 4. Bxf7+ Kxf7 5. Nxe5+ Ke6 6. Qh5 Nxc2+ 7. Kd1
Nxa1 8. Qf5+ Ke7 9. b3 Nf6 10. Nc4 d6 11. Qf4 Kf7 12. e5 dxe5 13. Nxe5+ Kg8 14.
Qc4+ Qd5 15. Qxc7 Bd6 16. Qd8+ Bf8 1/2-1/2

[Event "Veterans 2018"]
[Site "Aubagne"]
[Date "2018.06.07"]
[Round "7.9"]
[White "Bertrand, Frederic"]
[Black "Strate, Francois"]
[Result "0-1"]
[WhiteElo "1579"]
[BlackElo "1400"]
[PlyCount "52"]
[EventDate "2018.??.??"]

1. e4 e6 2. d4 d5 3. exd5 exd5 4. Nf3 Nf6 5. Be2 Bd6 6. O-O O-O 7. Bg5 Be6 8.
Ne5 Nbd7 9. f4 c6 10. f5 Nxe5 11. fxe6 Qb6 12. Kh1 Ng6 13. exf7+ Rxf7 14. Bc1
Qc7 15. c4 Bxh2 16. Nc3 Bf4 17. cxd5 Bxc1 18. Rxc1 Qg3 19. Rf3 Qd6 20. Rf5 Nh4
21. Re5 Nd7 22. Rg5 Nf6 23. dxc6 bxc6 24. Bc4 Raf8 25. Bxf7+ Rxf7 26. Qd3 Qf4
0-1

[Event "Veterans 2018"]
[Site "Aubagne"]
[Date "2018.06.07"]
[Round "7.10"]
[White "Rouaud, Robert"]
[Black "Derien, Robert"]
[Result "1-0"]
[WhiteElo "1364"]
[BlackElo "1557"]
[PlyCount "117"]
[EventDate "2018.??.??"]

1. e4 d5 2. exd5 Nf6 3. Bc4 Bg4 4. Nf3 Nbd7 5. Be2 Nxd5 6. h3 Bh5 7. d3 h6 8.
Bd2 c5 9. Nc3 N7f6 10. Ne5 Bxe2 11. Qxe2 e6 12. a3 Be7 13. O-O Nd7 14. Nxd5
exd5 15. Rfe1 Nxe5 16. Qxe5 f6 17. Qg3 g5 18. Re6 O-O 19. Qg4 Rc8 20. Rae1 Bd6
21. Qf5 Kg7 22. h4 Rc7 23. hxg5 hxg5 24. g3 Rcf7 25. Qxd5 Rd7 26. Bc3 Be5 27.
Qxc5 Rc7 28. Qe3 Bxc3 29. bxc3 Qd5 30. Re7+ Rxe7 31. Qxe7+ Rf7 32. c4 Qf5 33.
Qe4 Qh3 34. Qg2 Qf5 35. Qe4 Qh3 36. Qg2 Qf5 37. g4 Qf4 38. f3 Qd4+ 39. Qf2 Qc3
40. a4 a5 41. Re2 Qa1+ 42. Kg2 Qxa4 43. Qb6 Qa1 44. Qb3 a4 45. Qb4 a3 46. Re1
Qd4 47. Qxa3 Qd7 48. Qc5 Qa4 49. Re2 Qd7 50. Qf5 Qc7 51. c5 Rf8 52. Re1 Qa5 53.
Re2 Qc7 54. Qe4 Rf7 55. d4 b5 56. c3 Kg8 57. Qg6+ Kf8 58. Qh6+ Rg7 59. Qxf6+
1-0

[Event "Veterans 2018"]
[Site "Aubagne"]
[Date "2018.06.07"]
[Round "7.12"]
[White "Amoros, Jean"]
[Black "Roman, Sylvian"]
[Result "1-0"]
[WhiteElo "1453"]
[BlackElo "1375"]
[PlyCount "85"]
[EventDate "2018.??.??"]

1. g4 e5 2. Bg2 Nc6 3. d3 d6 4. h3 Be7 5. Nf3 Nf6 6. Nc3 d5 7. g5 Nh5 8. h4 Bf5
9. e3 f6 10. Nxe5 Nxe5 11. Qxh5+ Bg6 12. Qe2 c6 13. f4 Nf7 14. Bd2 fxg5 15.
hxg5 Bb4 16. Bh3 Nd6 17. O-O-O Nf5 18. Bxf5 Bxf5 19. e4 Qe7 20. exf5 Qxe2 21.
Nxe2 Bxd2+ 22. Kxd2 O-O-O 23. Ng3 Kd7 24. Rde1 Rdf8 25. Re5 h6 26. d4 hxg5 27.
Rxh8 Rxh8 28. fxg5 Rh2+ 29. Ne2 Rg2 30. g6 b6 31. Ke3 Rh2 32. c3 Rh3+ 33. Kf2
Rh8 34. b4 a5 35. a3 axb4 36. axb4 Ra8 37. Kg3 Ra2 38. Nf4 Ra8 39. Kg4 Rg8 40.
Kg5 b5 41. Nh5 Kd8 42. f6 gxf6+ 43. Nxf6 1-0

[Event "Veterans 2018"]
[Site "Aubagne"]
[Date "2018.06.07"]
[Round "7.13"]
[White "Gaudfernau, Pierre"]
[Black "Marku, Demeter"]
[Result "0-1"]
[WhiteElo "1245"]
[BlackElo "1507"]
[PlyCount "68"]
[EventDate "2018.??.??"]

1. d4 d5 2. c4 dxc4 3. Nf3 a6 4. e3 b5 5. g3 e6 6. Bg2 Bb7 7. O-O Nf6 8. Nc3
Be7 9. a3 O-O 10. Qc2 c5 11. dxc5 Bxc5 12. Rd1 Qc7 13. e4 Nc6 14. Bf4 e5 15.
Bg5 Ng4 16. Rd2 h6 17. Nd5 Qc8 18. Ne7+ Nxe7 19. Bxe7 Bxe7 20. h3 Nf6 21. Nxe5
Re8 22. f4 Bc5+ 23. Kh2 Be3 24. Re2 Qc5 25. Rae1 Bd4 26. Bf3 Bxe5 27. fxe5 Rxe5
28. Kg2 Rd8 29. Rd1 Rxd1 30. Qxd1 Qe7 31. Kf2 Bxe4 32. Qd4 Rf5 33. Qc3 Qc5+ 34.
Qe3 Rxf3+ 0-1

[Event "Veterans 2018"]
[Site "Aubagne"]
[Date "2018.06.07"]
[Round "7.14"]
[White "Ulloa, Philippe"]
[Black "Pietrac, Christian"]
[Result "1-0"]
[WhiteElo "1329"]
[BlackElo "1242"]
[PlyCount "97"]
[EventDate "2018.??.??"]

1. d4 Nf6 2. c4 g6 3. Nc3 Bg7 4. Nf3 O-O 5. e4 d6 6. h3 Na6 7. a3 c5 8. d5 e6
9. Bd3 Bd7 10. O-O Nc7 11. Bg5 a6 12. Qd2 b5 13. b3 Qb8 14. Rab1 b4 15. axb4
cxb4 16. Na2 a5 17. Bh6 Na6 18. Bxg7 Kxg7 19. Qg5 Nc5 20. Bc2 Qd8 21. Rfe1 h6
22. Qg3 e5 23. Ra1 Nh5 24. Qh2 f5 25. Nc1 fxe4 26. Bxe4 Bf5 27. Bxf5 Rxf5 28.
Re3 Nf4 29. g3 Nh5 30. g4 Rf4 31. gxh5 g5 32. Nd2 Qe8 33. Ne2 Rf8 34. Nf3 Qxh5
35. Ng3 Qg6 36. h4 e4 37. Nd4 Nd3 38. Ne6+ Kg8 39. Nxf8 Rxf8 40. Nxe4 gxh4+ 41.
Kh1 Ne5 42. Rg1 Ng4 43. Qxh4 h5 44. f3 Qh6 45. Rd3 Kh7 46. Ng5+ Kg6 47. Ne6 Rf7
48. fxg4 Kh7 49. Ng5+ 1-0

[Event "Veterans 2018"]
[Site "Aubagne"]
[Date "2018.06.07"]
[Round "7.15"]
[White "Hidreau, Olivier"]
[Black "Autouard, Jean-Luc"]
[Result "1-0"]
[WhiteElo "1390"]
[BlackElo "1240"]
[PlyCount "137"]
[EventDate "2018.??.??"]

1. e4 c5 2. c3 Nc6 3. d4 cxd4 4. Nf3 d6 5. cxd4 Nf6 6. Nc3 e6 7. Bb5 Bd7 8. O-O
Be7 9. Ba4 O-O 10. Kh1 Qc7 11. Ne2 a6 12. Bc2 d5 13. e5 Ne4 14. Nd2 f5 15. f3
Ng5 16. f4 Ne4 17. Rf3 Nb4 18. Bb3 a5 19. Nxe4 fxe4 20. Rc3 Qb6 21. a3 Nd3 22.
Be3 a4 23. Ba2 Qd8 24. g3 Qe8 25. Qd2 Qh5 26. Ng1 Rf5 27. Rc7 Qe8 28. Bb1 Bc6
29. Bxd3 exd3 30. Rxe7 Qxe7 31. Qxd3 h5 32. Nf3 b5 33. Nh4 Qf7 34. Nxf5 exf5
35. Bd2 Qe6 36. Bb4 Kf7 37. Rc1 Ke8 38. h4 Kd7 39. Bd6 Rc8 40. Rc3 Qg6 41. Qf3
Qe8 42. Kg2 g6 43. Qd3 Ke6 44. Qc2 Kd7 45. Qd2 Qd8 46. Rc5 Qb6 47. Qb4 Ra8 48.
Rc3 Re8 49. Kf3 Qd8 50. Qc5 Qa8 51. Qb4 Qa6 52. Ke3 Qa8 53. Kd2 Qd8 54. Qc5 Qa8
55. Qb6 Rc8 56. Qc5 Bb7 57. Qxb5+ Bc6 58. Qb4 Rb8 59. Bxb8 Kc8 60. Qf8+ Kb7 61.
Qb4+ Kc8 62. Bd6 Kd7 63. Bf8 Kc8 64. Qc5 Qb7 65. Qxc6+ Qxc6 66. Rxc6+ Kd7 67.
Rxg6 Ke8 68. Bd6 Kf7 69. Rg5 1-0

[Event "Veterans 2018"]
[Site "Aubagne"]
[Date "2018.06.07"]
[Round "7.16"]
[White "Masson, Wally"]
[Black "Souesme, Gerard"]
[Result "1-0"]
[WhiteElo "1150"]
[BlackElo "1380"]
[PlyCount "81"]
[EventDate "2018.??.??"]

1. e4 c6 2. d4 d5 3. e5 Bf5 4. Nf3 e6 5. c4 Nd7 6. Be2 h6 7. O-O Ne7 8. Nc3 Bh7
9. b4 dxc4 10. Bxc4 Nd5 11. Nxd5 cxd5 12. Bb5 a6 13. Bxd7+ Qxd7 14. a3 Be7 15.
a4 O-O 16. Bb2 Bxb4 17. Qb3 Be7 18. Rac1 Rfc8 19. Nd2 Rc6 20. Qg3 Rac8 21. Nb3
Rxc1 22. Bxc1 Bg6 23. a5 Bb4 24. h4 Kh7 25. f4 Rc3 26. Rf3 Rxf3 27. Qxf3 Be4
28. Qe3 Qa4 29. Bd2 Bxd2 30. Nxd2 Qc2 31. g4 Qd1+ 32. Kf2 Qh1 33. Nxe4 Qxe4 34.
Qxe4+ dxe4 35. Ke3 Kg8 36. Kxe4 Kf8 37. d5 exd5+ 38. Kxd5 Ke7 39. Kc5 Kd7 40.
Kb6 Kc8 41. f5 1-0

[Event "Veterans 2018"]
[Site "Aubagne"]
[Date "2018.06.07"]
[Round "7.17"]
[White "Olive, Alain"]
[Black "Betry, Bernard"]
[Result "0-1"]
[WhiteElo "1182"]
[BlackElo "1220"]
[PlyCount "82"]
[EventDate "2018.??.??"]

1. d4 d5 2. Nc3 Nf6 3. Bf4 g6 4. Be5 Bg7 5. Nf3 O-O 6. Nh4 Nbd7 7. Bf4 e6 8. g3
b6 9. Bg2 Bb7 10. O-O a6 11. h3 c5 12. Na4 Rc8 13. c3 Re8 14. Bg5 b5 15. Nxc5
Nxc5 16. dxc5 Rxc5 17. Rc1 Qb6 18. b3 Rec8 19. Kh2 Qc7 20. f4 Nd7 21. Be7 Rxc3
22. Qd2 b4 23. Bxb4 Rxc1 24. Rxc1 Qxc1 25. Qd3 Qa1 26. f5 Ne5 27. Qe3 d4 28.
Qg5 f6 29. Qd2 Bxg2 30. Kxg2 g5 31. Bd6 gxh4 32. Bxe5 fxe5 33. fxe6 Re8 34. Qg5
Rxe6 35. Qd8+ Bf8 36. Qg5+ Kh8 37. Qf5 Re8 38. Qf7 Rc8 39. Qf6+ Bg7 40. Qxa6
Qc1 41. gxh4 Rf8 0-1